| 000 | 00340nam a2200133Ia 4500 | ||
|---|---|---|---|
| 008 | 240624s9999 xx 000 0 und d | ||
| 041 | _aeng | ||
| 082 | _a658.4012 PAR | ||
| 100 | _aPAROUTIS SOTIRIOS | ||
| 245 | _aPRACTICING STRATEGY TEXT AND CASES | ||
| 260 |
_c2013 _aNew Delhi _bSage |
||
| 300 | _aix, 256 p.; 23 cm. | ||
| 365 |
_cBPS _b32 |
||
| 999 |
_c29969 _d29969 |
||